000 01118nam0a22002651 4500
001 rc\4788724
005 20260406142127.0
021 _aRU
_b[60-48322]
035 _a(NLR Aleph) 009034153
090 _a9508720
_c9508720
100 _a20130417d1960 u y0rusy50 ca
101 0 _arus
102 _aRU
105 _ay z |||||
200 1 _aТезисы докладов
_fОдес. мед. ин-т им. Н.И. Пирогова. Студенческое науч. о-во. Студенческая науч. конференция, посвящ. 90-летию со дня рождения В.И. Ленина. 23-25 апр. 1960 г.
210 _aОдесса
_cБ. и.
_d1960
215 _a168 с.
_d20
606 _aМедицина
_jТезисы докладов
_2psbo
710 0 2 _aОдесский медицинский институт им. Н. И. Пирогова
_bСтуденческая научная конференция
_f1960
_3RU\NLR\AUTH\889921252
_9338618
801 0 _aRU
_bNLR
_gpsbo
801 1 _aRU
_bELAR
_2rusmarc
852 _aNLR
_j60-3/3340
942 _cBOOK
980 _aNB